Bl thaï - who plays this character #2 - Statistics

General Stats
  • This quiz has been taken 14 times
  • The average score is 11 of 15
Answer Stats
Serie Character Actor % Correct
Love You Teacher Solar / Sun Santa Pongsapak
100%
Moonlight Chicken Jim Jaruek Earth Pirapat
93%
My Golden Blood Tong Gawin Caskey
93%
2gether Tine Win Metawin
93%
Never Let Me Go Nuengdiao Phuwin Tangsakyuen
86%
4Minutes Great Pacharawit Bible Wichapas
79%
Top Form Akin Tahra Boom Raveewit
79%
Between Us Win Boun Noppanut
79%
Cat for Cash "Tiger" Thatchakorn First Kanaphan
79%
Kidnap Min Athikhun Ohm Pawat
79%
The Boy Next World Cirrus Boss Chaikamon
71%
Theory of Love Third Gun Atthaphan
64%
Fourever You Part 2 Dao Oat Tharathon
43%
Love of Silom Wayu Poom Phuripan
29%
Make It Live: On the Beach Fuse Peak Peemapol
0%
No matching quizzes found
Score Distribution
Percent of People with Each Score
Percentile by Number Answered
Your Score History
You have not taken this quiz